Was erwartet die kriminologische Wissenschaft von einer aussagekräftigen Kriminalstatistik?

Saved in:  
Bibliographic Details
Main Author: Kerner, Hans-Jürgen 1943- (Author)
Format: Print Article
Language:German
Published: 1978
In: Schriftenreihe der Polizei-Führungsakademie
Year: 1978, Issue: 1, Pages: 55-69
Check availability: HBZ Gateway
Keywords:

MARC

LEADER 00000caa a22000002c 4500
001 163210671X
003 DE-627
005 20220607132243.0
007 tu
008 120509s1978 xx ||||| 00| ||ger c
035 |a (DE-627)163210671X 
035 |a (DE-576)364866276 
035 |a (DE-599)BSZ364866276 
040 |a DE-627  |b ger  |c DE-627  |e rakwb 
041 |a ger 
084 |a 2,1  |2 ssgn 
100 1 |a Kerner, Hans-Jürgen  |d 1943-  |0 (DE-588)108143007  |0 (DE-627)544028058  |0 (DE-576)161691080  |4 aut 
109 |a Kerner, Hans-Jürgen 1943-  |a Kerner, Ch.-Ju. 1943-  |a Kerner, Hans Jürgen 1943-  |a Kerner, Hans Juergen 1943- 
245 1 0 |a Was erwartet die kriminologische Wissenschaft von einer aussagekräftigen Kriminalstatistik?  |c Hans-Jürgen Kerner 
264 1 |c 1978 
336 |a Text  |b txt  |2 rdacontent 
337 |a ohne Hilfsmittel zu benutzen  |b n  |2 rdamedia 
338 |a Band  |b nc  |2 rdacarrier 
773 0 8 |i In  |a Polizei-Führungsakademie  |t Schriftenreihe der Polizei-Führungsakademie  |d Dresden : Sächsisches Dr.- und Verl.-Haus, 1974  |g (1978), 1, Seite 55-69  |w (DE-627)130904945  |w (DE-600)1046316-1  |w (DE-576)024997099  |x 0720-6283 
773 1 8 |g year:1978  |g number:1  |g pages:55-69 
951 |a AR 
ELC |b 1 
LOK |0 000 xxxxxcx a22 zn 4500 
LOK |0 001 3283777055 
LOK |0 003 DE-627 
LOK |0 004 163210671X 
LOK |0 005 20260220112322 
LOK |0 008 120509||||||||||||||||ger||||||| 
LOK |0 040   |a DE-21-110  |c DE-627  |d DE-21-110 
LOK |0 689   |a s  |a Kriminalstatistik 
LOK |0 852   |z Kein Bestand am IfK; Nachweis für KrimDok 
LOK |0 852   |a DE-21-110 
LOK |0 852 1  |m v  |9 00 
LOK |0 935   |a k110 
LOK |0 938   |k v 
LOK |0 939   |a 09-05-12  |b l01 
ORI |a WA-MARC-krimdoka001.raw